000 00318 a2200109 4500
001 ART_33052
005 20260410161926.0
008 260409a
245 1 0 _aPerspectivas del mercado granario en el largo plazo
100 1 _aPhilipps, Marcelo
773 0 _tLecturas
_g- NÂș 13 (ene. 2009)
_wREV19328
999 _c28185
_d28185